000
00313nam a22001457a 4500
008
180814b xxu||||| |||| 00| 0 eng d
020
_a
0442220049
041
_a
eng
080
_a
616.8
082
_a
616.8
100
_a
7
101
_a
NEU
245
_a
Neruologic Critical Care
_c
Davis,J,E
942
_2
udc
_c
BK
999
_c
47124
_d
47124